000 00691nam a2200229Ia 4500
001 10684
003 GE_BSU
008 181216s||||||||xx |||||||||||||| ||und||
040 _cGE_BSU
080 _a821.353.1-1
100 _aფორჩხიძე,შალვა
245 _aწიფობელა.
245 _bლექსები
245 _cრედ.დ.ივარდავა;მხატვ.გ.წერეთელი.
260 _aთბილისი.
260 _bსაბჭ.საქართველო.
260 _c1973.
300 _a252გვ;18სმ.
300 _e1ფ.პორტრ.
653 _aწიფობელა.
942 _cBK
999 _c43935
_d43935